000 00450nam a2200181 a 4500
001 13469
005 20180713201839.0
008 140415d 000 0 eng d
041 _aeng
082 _a808.833
_bGRE
100 1 _aDICKENS, CHARLES
245 1 2 _aA TALE OF TWO CITIES
250 _a1a ed.
260 _a[s.l.] :
_bBANTAM,
_c[s.f.]
300 _a368
490 _aTHE GREATEST HISTORICAL NOVELS
650 1 4 _aNOVELA
999 _c13469
_d13469